L'album le plus écouté de son année sur Spotify - Statistiques

Statistiques générales
  • Ce quiz a été pris 70 fois
  • Le résultat moyen est 14 sur 34
Statistiques - réponses
Année Album Artiste % Correct
2002 The Eminem Show Eminem
90%
2016 Starboy The Weeknd
76%
2020 After Hours The Weeknd
76%
2014 Multiply (☓) Ed Sheeran
73%
2017 Divide (÷) Ed Sheeran
73%
1991 Nevermind Nirvana
70%
1993 In Utero Nirvana
70%
2006 Back To Black Amy Winehouse
68%
1996 All Eyez On Me 2Pac
54%
2007 Graduation Kanye West
52%
2022 Un Verano Sin Ti Bad Bunny
51%
2003 Get Rich Or Die Tryin' 50 Cent
46%
2011 21 Adele
46%
2012 Born To Die Lana Del Rey
44%
2008 The Fame Monster Lady Gaga
41%
1994 Ready To Die The Notorious B.I.G
41%
1997 Life After Death The Notorious B.I.G
41%
2021 Sour Olivia Rodrigo
38%
1992 Rage Against The Machine Rage Against The Machine
38%
2015 Purpose Justin Bieber
35%
1999 2001 Dr. Dre
32%
1990 The Razors Edge AC/DC
30%
2018 Beerbongs & Bentleys Post Malone
27%
2019 Hollywood's Bleeding Post Malone
27%
2010 Doo-Wops & Hooligans Bruno Mars
24%
2000 Hybrid Theory Linkin Park
22%
2009 One Love David Guetta
21%
2005 Demon Days Gorillaz
16%
2001 Toxicity System Of A Down
16%
2013 AM Artic Monkeys
14%
1995 (What's the Story) Morning Glory? Oasis
14%
2023 Mañana Será Bonito Karol G
11%
1998 Dizzy Up The Girl The Goo Goo Dolls
5%
2004 Hot Fuss The Killers
5%
Aucun quiz correspondant
Distribution des résultats
% des personnes avec chaque résultat
Percentile par nombre de réponses
Votre historique - résultats
Vous n’avez pas pris ce quiz